[Event "Bremen Silvester op"]
[Site "Bremen"]
[Date "2019.12.30"]
[Round "7"]
[White "Zanner, Marcel"]
[Black "Lapehn, Klaus"]
[Result "0-1"]
[WhiteElo "1394"]
[BlackElo "1672"]
[PlyCount "64"]
[EventDate "2019.12.27"]
[EventType "swiss"]
[EventRounds "7"]
[EventCountry "GER"]
[SourceTitle "CBM 194 Extra"]
[Source "ChessBase"]
[SourceDate "2020.03.31"]
[SourceVersion "1"]
[SourceVersionDate "2020.03.31"]
[SourceQuality "1"]

1. d4 Nf6 2. c4 e6 3. Nc3 Bb4 4. Bg5 h6 5. Bxf6 Bxc3+ 6. bxc3 Qxf6 7. Qb3 0-0 8. Nf3 b6 9. e4 d6 10. Be2 Nd7 11. 0-0 Bb7 12. Qc2 e5 13. a4 a5 14. h3 Rfe8 15. Bd3 Nf8 16. Rfe1 Ne6 17. d5 Nc5 18. Bf1 Bc8 19. Re3 Bd7 20. Be2 Qg6 21. Nh4 Qg5 22. Nf5 Bxf5 23. exf5 e4 24. g4 Qf4 25. Re1 Kf8 26. Bf1 h5 27. Bg2 hxg4 28. Bxe4 f6 29. hxg4 Kf7 30. Kg2 Rh8 31. Rg3 Rh4 32. f3 Rah8 0-1